000
00256nam a22001217a 4500
003
SGT
082
_a
346.07
_b
GAU
100
_a
GAUTAM REEMA
245
_a
ANALYSIS OF INSOLVENCY AND BANKRUPTCY CODE 2016
260
_c
2021
300
_a
58
942
_2
ddc
_c
TH
999
_c
34061
_d
34061